Rajata jayantī saṃsmaraṇa grantha. (Record no. 82746)

MARC details
000 -LEADER
fixed length control field 00700cam a22002531 4500
001 - CONTROL NUMBER
control field sa 68009141
003 - CONTROL NUMBER IDENTIFIER
control field DLC
005 - DATE AND TIME OF LATEST TRANSACTION
control field 20260227112540.0
008 - FIXED-LENGTH DATA ELEMENTS--GENERAL INFORMATION
fixed length control field 890616s1965 ii ac 000 0 hino
010 ## - LIBRARY OF CONGRESS CONTROL NUMBER
LC control number sa 68009141
035 ## - SYSTEM CONTROL NUMBER
System control number (OCoLC)19882982
040 ## - CATALOGING SOURCE
Original cataloging agency DLC
Transcribing agency WaU
Modifying agency DLC
041 0# - LANGUAGE CODE
Language code of text/sound track or separate title hineng
042 ## - AUTHENTICATION CODE
Authentication code premarc
043 ## - GEOGRAPHIC AREA CODE
Geographic area code a-ii---
050 00 - LIBRARY OF CONGRESS CALL NUMBER
Classification number PK1931
Item number .D26
110 2# - MAIN ENTRY--CORPORATE NAME
Corporate name or jurisdiction name as entry element Dakshiṇa Bhārata Hindī Pracāra Sabhā.
245 10 - TITLE STATEMENT
Title Rajata jayantī saṃsmaraṇa grantha.
260 ## - PUBLICATION, DISTRIBUTION, ETC.
Date of publication, distribution, etc. [1965]
300 ## - PHYSICAL DESCRIPTION
Extent 215 p.
Other physical details illus., ports.
Dimensions 25 cm.
500 ## - GENERAL NOTE
General note In Hindi; messages in English and Hindi.
650 #0 - SUBJECT ADDED ENTRY--TOPICAL TERM
Topical term or geographic name entry element Hindi language
Geographic subdivision India, South.
700 2# - ADDED ENTRY--PERSONAL NAME
Personal name Sankara Kurup, G.,
Dates associated with a name 1901-

No items available.

Powered by Koha